Totally awesome health /
Đã lưu trong:
| 主要作者: | |
|---|---|
| 格式: | Sách giấy |
| 出版: |
Blacklick, OH :
Meeks Heit Pub.,
1998.
|
| 標簽: |
添加標簽
沒有標簽, 成為第一個標記此記錄!
|
| Thư viện lưu trữ: | Thư viện Trường Đại học Đà Lạt |
|---|
| LEADER | 00756nam a2200301 4500 | ||
|---|---|---|---|
| 001 | DLU090065049 | ||
| 005 | ##20090115 | ||
| 008 | ##980622s1998 ohu 000 0 eng | ||
| 010 | # | # | |a 98066101 |
| 020 | # | # | |a 1886693714 |
| 035 | # | # | |9 (DLC) 98066101 |
| 040 | # | # | |a DLC |c DLC |
| 050 | # | # | |a 9806 BOOK NOT YET IN LC |
| 082 | # | # | |a 613 |b ME-L |
| 100 | # | # | |a Meeks, Linda. |
| 245 | # | # | |a Totally awesome health / |c Linda Meeks, Philip Heit. |
| 260 | # | # | |a Blacklick, OH : |b Meeks Heit Pub., |c 1998. |
| 300 | # | # | |a 448 p. ; |c 29 cm. |
| 923 | # | # | |a 21/2008 |
| 992 | # | # | |a 22400 |
| 994 | # | # | |a DLU |
| 900 | # | # | |a True |
| 911 | # | # | |a Đào Thị Thu Huyền |
| 925 | # | # | |a G |
| 926 | # | # | |a A |
| 927 | # | # | |a SH |
| 980 | # | # | |a Thư viện Trường Đại học Đà Lạt |


